Winner & Loser of Every NBA Finals in the 21st Century - Statistics

General Stats
  • This quiz has been taken 39 times
    11 since last reset
  • The average score is 45 of 52
Answer Stats
Year Result Answer % Correct
2024 Winner Celtics
100%
2025 Loser Pacers
100%
2025 Winner Thunder
100%
2021 Winner Bucks
88%
2018 Loser Cavs
88%
2017 Loser Cavs
88%
2016 Winner Cavs
88%
2015 Loser Cavs
88%
2022 Loser Celtics
88%
2010 Loser Celtics
88%
2008 Winner Celtics
88%
2023 Loser Heat
88%
2020 Loser Heat
88%
2014 Loser Heat
88%
2013 Winner Heat
88%
2012 Winner Heat
88%
2011 Loser Heat
88%
2006 Winner Heat
88%
2020 Winner Lakers
88%
2010 Winner Lakers
88%
2009 Winner Lakers
88%
2008 Loser Lakers
88%
2004 Loser Lakers
88%
2002 Winner Lakers
88%
2001 Winner Lakers
88%
2000 Winner Lakers
88%
2009 Loser Magic
88%
2024 Loser Mavs
88%
2011 Winner Mavs
88%
2023 Winner Nuggets
88%
2005 Loser Pistons
88%
2004 Winner Pistons
88%
2019 Winner Raptors
88%
2014 Winner Spurs
88%
2013 Loser Spurs
88%
2007 Winner Spurs
88%
2005 Winner Spurs
88%
2003 Winner Spurs
88%
2021 Loser Suns
88%
2022 Winner Warriors
88%
2019 Loser Warriors
88%
2018 Winner Warriors
88%
2017 Winner Warriors
88%
2016 Loser Warriors
88%
2015 Winner Warriors
88%
2001 Loser 76ers
75%
2007 Loser Cavs
75%
2006 Loser Mavs
75%
2002 Loser Nets
75%
2000 Loser Pacers
75%
2012 Loser Thunder
75%
2003 Loser Nets
63%
No matching quizzes found
Score Distribution
Percent of People with Each Score
Percentile by Number Answered
Your Score History
You have not taken this quiz since the last reset